Don Segundo Sombra
Gespeichert in:
| 1. Verfasser: | |
|---|---|
| Format: | Buch |
| Sprache: | Spanisch |
| Veröffentlicht: |
Ciudad de México
Porrua
1979
|
| Ausgabe: | 5a. ed |
| Schriftenreihe: | Sepan cuántos, 169
|
| Schlagworte: | |
| Tags: |
Tag hinzufügen
Keine Tags, Fügen Sie den ersten Tag hinzu!
|
MARC
| LEADER | 00000nam a2200000 a 4500 | ||
|---|---|---|---|
| 001 | UCY2328 | ||
| 003 | CL-VaPUC | ||
| 008 | 941020e19790000MX |||||||||||||||||spa|d | ||
| 082 | 0 | 4 | |a Ar863 |b GUI |2 21 |
| 100 | |a Güiraldes, Ricardo |e autor |9 303637 | ||
| 245 | 1 | 0 | |a Don Segundo Sombra |
| 250 | |a 5a. ed | ||
| 300 | |a 151 p | ||
| 942 | |c BK | ||
| 945 | |d 19941020 00:00:00 |a oaravena | ||
| 260 | |a Ciudad de México |b Porrua |c 1979 | ||
| 650 | 0 | |a Novelas argentinas |9 267871 | |
| 583 | |a last modification |c 19941020 00:00:00 |k Rodrigo Vera | ||
| 490 | 0 | |a Sepan cuántos, 169 | |
| 999 | |c 230768 |d 230766 | ||
| 952 | |0 0 |1 0 |4 0 |6 AR_863_000000000000000_GUI_1979 |7 0 |8 P |9 233292 |a BIBARQ |b BIBARQ |d 2019-11-15 |i 3027368 |o Ar863 GUI 1979 |p 3027368 |r 2025-01-20 |w 2019-11-15 |y BK |k ARQ | ||